Statistics for Heartstopper Season 2 Episode Titles

Click here to take the quiz!

General Stats

  • This quiz has been taken 260 times
  • The average score is 4 of 8

Answer Stats

HintAnswer% Correct
Episode 1Out
84%
Episode 2Family
68%
Episode 6Truth / Dare
56%
Episode 5Heat
51%
Episode 8Perfect
51%
Episode 7Sorry
50%
Episode 4Challenge
45%
Episode 3Promise
41%

Score Distribution

Percentile by Number Answered

Percent of People with Each Score

Your Score History

You have not taken this quiz